18030 2200301 45000010021000000050015000210350020000360070003000560080041000590200022001000820014001220840020001361000019001562450043001752500012002182600043002303000040002735001719500313600002017508990002517528990002517553990002517578990002517603990002517628990002517653990002517678990002517703INLIS00000000000005120210607125019 a0010-0621000016ta210607 d f ind  a978-602-220-150-0 a899.221 3 a899.221 3 RIS g0 aRisa Saraswati1 aGerbang Dialog Danur /cRisa Saraswati aCet. 27 aJakarta :bBukune Kreatif Cipta,c2019 a224 hlm :bTerdapat gambar ;c20 cm aovel ini menceritakan tentang seorang Risa yang bisa berinteraksi dengan makhluk tak kasat mata. Mereka adalah Peter, Hans, Hendrick, William dan Janhsen. awal pertemanannya saat Risa kelas 5 SD. Ia baru saja pindah dari desa ke Bandung. Risa yang memiliki kemampuan melihat hantu akhirnya berteman baik dengan ke 5 makhluk tersebut. Hingga persahabatan mereka menginjak 1 tahun lamanya. Mereka berlima membawa warna warni kehidupan kepada Risa, karena tidak hanya warna hitam dan putih saja yang Risa lihat. Mereka membawa kebahagian tersendiri bagi Risa yang memang selama ini merasa kesepian. Sudah beberapa tahun Risa dan kelima sahabatnya menjalin persahabatan. Dan saat itulah persahabatan Risa sedang diuji. Risa membuat janji terhadap Peter yaitu mengakhiri hidupnya agar bisa hidup selamanya bersama kelima sahabat hantunya. Risa berusaha menepati janjinya dengan melakukan percobaan bunuh diri. Tetapi usahanya selalu gagal. Risa pun menyesal karena telah melanggar janji tersebut. Akhirnya, Peter pun marah besar dan mengajak empat sahabat Risa pergi meninggalkan Risa dan merekapun tak pernah muncul lagi dihidup Risa selama belasan tahun. Tapi tak jarang Risa bertemu dengan sahabat – sahabat hantu lainnya seperti Samantha, Ardiah, Teddy, dan masih banyak lagi. Tak sedikit dari mereka meminta bantuan kepada Risa untuk menemukan keluarga ataupun kekasih yang mereka cari. Sesungguhnya Risa sangat rindu terhadap kelima sahabat kecil hantunya itu. Hingga Risa dewasa kelima sahabatnya itu tidak pernah menapakkan batang hidungnya lagi. Sampai saat itu tiba, ketika Risa sedang rekaman lagu untuk albumnya. Kelima sahabat Risa muncul dan memberikan Risa dukungan. Bahkan sampai novel ini di tulis kelima sahabat Risa menemani setiap hari. Kelebihan novel Danur ini yaitu menceritakan kepada pembaca bahwa hantu juga memiliki sisi kemanusiaan ketika ia masih hidup. Novel ini mengubah pemikiran manusia bahwa tidak selamanya hantu itu menakutkan,selagi kita tidak ada niat jahat kepada mereka. Selain itu, pemilihan kata yang terdapat dalam novel tersebut juga sangat mudah dimengerti. ovel ini menceritakan tentang seorang Risa yang bisa berinteraksi dengan makhluk tak kasat mata. Mereka adalah Peter, Hans, Hendrick, William dan Janhsen. awal pertemanannya saat Risa kelas 5 SD. Ia baru saja pindah dari desa ke Bandung. Risa yang memiliki kemampuan melihat hantu akhirnya berteman baik dengan ke 5 makhluk tersebut. Hingga persahabatan mereka menginjak 1 tahun lamanya. Mereka berlima membawa warna warni kehidupan kepada Risa, karena tidak hanya warna hitam dan putih saja yang Risa lihat. Mereka membawa kebahagian tersendiri bagi Risa yang memang selama ini merasa kesepian. Sudah beberapa tahun Risa dan kelima sahabatnya menjalin persahabatan. Dan saat itulah persahabatan Risa sedang diuji. Risa membuat janji terhadap Peter yaitu mengakhiri hidupnya agar bisa hidup selamanya bersama kelima sahabat hantunya. Risa berusaha menepati janjinya dengan melakukan percobaan bunuh diri. Tetapi usahanya selalu gagal. Risa pun menyesal karena telah melanggar janji tersebut. Akhirnya, Peter pun marah besar dan mengajak empat sahabat Risa pergi meninggalkan Risa dan merekapun tak pernah muncul lagi dihidup Risa selama belasan tahun. Tapi tak jarang Risa bertemu dengan sahabat – sahabat hantu lainnya seperti Samantha, Ardiah, Teddy, dan masih banyak lagi. Tak sedikit dari mereka meminta bantuan kepada Risa untuk menemukan keluarga ataupun kekasih yang mereka cari. Sesungguhnya Risa sangat rindu terhadap kelima sahabat kecil hantunya itu. Hingga Risa dewasa kelima sahabatnya itu tidak pernah menapakkan batang hidungnya lagi. Sampai saat itu tiba, ketika Risa sedang rekaman lagu untuk albumnya. Kelima sahabat Risa muncul dan memberikan Risa dukungan. Bahkan sampai novel ini di tulis kelima sahabat Risa menemani setiap hari. Kelebihan novel Danur ini yaitu menceritakan kepada pembaca bahwa hantu juga memiliki sisi kemanusiaan ketika ia masih hidup. Novel ini mengubah pemikiran manusia bahwa tidak selamanya hantu itu menakutkan,selagi kita tidak ada niat jahat kepada mereka. Selain itu, pemilihan kata yang terdapat dalam novel tersebut juga sangat mudah dimengerti. ovel ini menceritakan tentang seorang Risa yang bisa berinteraksi dengan makhluk tak kasat mata. Mereka adalah Peter, Hans, Hendrick, William dan Janhsen. awal pertemanannya saat Risa kelas 5 SD. Ia baru saja pindah dari desa ke Bandung. Risa yang memiliki kemampuan melihat hantu akhirnya berteman baik dengan ke 5 makhluk tersebut. Hingga persahabatan mereka menginjak 1 tahun lamanya. Mereka berlima membawa warna warni kehidupan kepada Risa, karena tidak hanya warna hitam dan putih saja yang Risa lihat. Mereka membawa kebahagian tersendiri bagi Risa yang memang selama ini merasa kesepian. Sudah beberapa tahun Risa dan kelima sahabatnya menjalin persahabatan. Dan saat itulah persahabatan Risa sedang diuji. Risa membuat janji terhadap Peter yaitu mengakhiri hidupnya agar bisa hidup selamanya bersama kelima sahabat hantunya. Risa berusaha menepati janjinya dengan melakukan percobaan bunuh diri. Tetapi usahanya selalu gagal. Risa pun menyesal karena telah melanggar janji tersebut. Akhirnya, Peter pun marah besar dan mengajak empat sahabat Risa pergi meninggalkan Risa dan merekapun tak pernah muncul lagi dihidup Risa selama belasan tahun. Tapi tak jarang Risa bertemu dengan sahabat – sahabat hantu lainnya seperti Samantha, Ardiah, Teddy, dan masih banyak lagi. Tak sedikit dari mereka meminta bantuan kepada Risa untuk menemukan keluarga ataupun kekasih yang mereka cari. Sesungguhnya Risa sangat rindu terhadap kelima sahabat kecil hantunya itu. Hingga Risa dewasa kelima sahabatnya itu tidak pernah menapakkan batang hidungnya lagi. Sampai saat itu tiba, ketika Risa sedang rekaman lagu untuk albumnya. Kelima sahabat Risa muncul dan memberikan Risa dukungan. Bahkan sampai novel ini di tulis kelima sahabat Risa menemani setiap hari. Kelebihan novel Danur ini yaitu menceritakan kepada pembaca bahwa hantu juga memiliki sisi kemanusiaan ketika ia masih hidup. Novel ini mengubah pemikiran manusia bahwa tidak selamanya hantu itu menakutkan,selagi kita tidak ada niat jahat kepada mereka. Selain itu, pemilihan kata yang terdapat dalam novel tersebut juga sangat mudah dimengerti. ovel ini menceritakan tentang seorang Risa yang bisa berinteraksi dengan makhluk tak kasat mata. Mereka adalah Peter, Hans, Hendrick, William dan Janhsen. awal pertemanannya saat Risa kelas 5 SD. Ia baru saja pindah dari desa ke Bandung. Risa yang memiliki kemampuan melihat hantu akhirnya berteman baik dengan ke 5 makhluk tersebut. Hingga persahabatan mereka menginjak 1 tahun lamanya. Mereka berlima membawa warna warni kehidupan kepada Risa, karena tidak hanya warna hitam dan putih saja yang Risa lihat. Mereka membawa kebahagian tersendiri bagi Risa yang memang selama ini merasa kesepian. Sudah beberapa tahun Risa dan kelima sahabatnya menjalin persahabatan. Dan saat itulah persahabatan Risa sedang diuji. Risa membuat janji terhadap Peter yaitu mengakhiri hidupnya agar bisa hidup selamanya bersama kelima sahabat hantunya. Risa berusaha menepati janjinya dengan melakukan percobaan bunuh diri. Tetapi usahanya selalu gagal. Risa pun menyesal karena telah melanggar janji tersebut. Akhirnya, Peter pun marah besar dan mengajak empat sahabat Risa pergi meninggalkan Risa dan merekapun tak pernah muncul lagi dihidup Risa selama belasan tahun. Tapi tak jarang Risa bertemu dengan sahabat – sahabat hantu lainnya seperti Samantha, Ardiah, Teddy, dan masih banyak lagi. Tak sedikit dari mereka meminta bantuan kepada Risa untuk menemukan keluarga ataupun kekasih yang mereka cari. Sesungguhnya Risa sangat rindu terhadap kelima sahabat kecil hantunya itu. Hingga Risa dewasa kelima sahabatnya itu tidak pernah menapakkan batang hidungnya lagi. Sampai saat itu tiba, ketika Risa sedang rekaman lagu untuk albumnya. Kelima sahabat Risa muncul dan memberikan Risa dukungan. Bahkan sampai novel ini di tulis kelima sahabat Risa menemani setiap hari. Kelebihan novel Danur ini yaitu menceritakan kepada pembaca bahwa hantu juga memiliki sisi kemanusiaan ketika ia masih hidup. Novel ini mengubah pemikiran manusia bahwa tidak selamanya hantu itu menakutkan,selagi kita tidak ada niat jahat kepada mereka. Selain itu, pemilihan kata yang terdapat dalam novel tersebut juga sangat mudah dimengerti. ovel ini menceritakan tentang seorang Risa yang bisa berinteraksi dengan makhluk tak kasat mata. Mereka adalah Peter, Hans, Hendrick, William dan Janhsen. awal pertemanannya saat Risa kelas 5 SD. Ia baru saja pindah dari desa ke Bandung. Risa yang memiliki kemampuan melihat hantu akhirnya berteman baik dengan ke 5 makhluk tersebut. Hingga persahabatan mereka menginjak 1 tahun lamanya. Mereka berlima membawa warna warni kehidupan kepada Risa, karena tidak hanya warna hitam dan putih saja yang Risa lihat. Mereka membawa kebahagian tersendiri bagi Risa yang memang selama ini merasa kesepian. Sudah beberapa tahun Risa dan kelima sahabatnya menjalin persahabatan. Dan saat itulah persahabatan Risa sedang diuji. Risa membuat janji terhadap Peter yaitu mengakhiri hidupnya agar bisa hidup selamanya bersama kelima sahabat hantunya. Risa berusaha menepati janjinya dengan melakukan percobaan bunuh diri. Tetapi usahanya selalu gagal. Risa pun menyesal karena telah melanggar janji tersebut. Akhirnya, Peter pun marah besar dan mengajak empat sahabat Risa pergi meninggalkan Risa dan merekapun tak pernah muncul lagi dihidup Risa selama belasan tahun. Tapi tak jarang Risa bertemu dengan sahabat – sahabat hantu lainnya seperti Samantha, Ardiah, Teddy, dan masih banyak lagi. Tak sedikit dari mereka meminta bantuan kepada Risa untuk menemukan keluarga ataupun kekasih yang mereka cari. Sesungguhnya Risa sangat rindu terhadap kelima sahabat kecil hantunya itu. Hingga Risa dewasa kelima sahabatnya itu tidak pernah menapakkan batang hidungnya lagi. Sampai saat itu tiba, ketika Risa sedang rekaman lagu untuk albumnya. Kelima sahabat Risa muncul dan memberikan Risa dukungan. Bahkan sampai novel ini di tulis kelima sahabat Risa menemani setiap hari. Kelebihan novel Danur ini yaitu menceritakan kepada pembaca bahwa hantu juga memiliki sisi kemanusiaan ketika ia masih hidup. Novel ini mengubah pemikiran manusia bahwa tidak selamanya hantu itu menakutkan,selagi kita tidak ada niat jahat kepada mereka. Selain itu, pemilihan kata yang terdapat dalam novel tersebut juga sangat mudah dimengerti. ovel ini menceritakan tentang seorang Risa yang bisa berinteraksi dengan makhluk tak kasat mata. Mereka adalah Peter, Hans, Hendrick, William dan Janhsen. awal pertemanannya saat Risa kelas 5 SD. Ia baru saja pindah dari desa ke Bandung. Risa yang memiliki kemampuan melihat hantu akhirnya berteman baik dengan ke 5 makhluk tersebut. Hingga persahabatan mereka menginjak 1 tahun lamanya. Mereka berlima membawa warna warni kehidupan kepada Risa, karena tidak hanya warna hitam dan putih saja yang Risa lihat. Mereka membawa kebahagian tersendiri bagi Risa yang memang selama ini merasa kesepian. Sudah beberapa tahun Risa dan kelima sahabatnya menjalin persahabatan. Dan saat itulah persahabatan Risa sedang diuji. Risa membuat janji terhadap Peter yaitu mengakhiri hidupnya agar bisa hidup selamanya bersama kelima sahabat hantunya. Risa berusaha menepati janjinya dengan melakukan percobaan bunuh diri. Tetapi usahanya selalu gagal. Risa pun menyesal karena telah melanggar janji tersebut. Akhirnya, Peter pun marah besar dan mengajak empat sahabat Risa pergi meninggalkan Risa dan merekapun tak pernah muncul lagi dihidup Risa selama belasan tahun. Tapi tak jarang Risa bertemu dengan sahabat – sahabat hantu lainnya seperti Samantha, Ardiah, Teddy, dan masih banyak lagi. Tak sedikit dari mereka meminta bantuan kepada Risa untuk menemukan keluarga ataupun kekasih yang mereka cari. Sesungguhnya Risa sangat rindu terhadap kelima sahabat kecil hantunya itu. Hingga Risa dewasa kelima sahabatnya itu tidak pernah menapakkan batang hidungnya lagi. Sampai saat itu tiba, ketika Risa sedang rekaman lagu untuk albumnya. Kelima sahabat Risa muncul dan memberikan Risa dukungan. Bahkan sampai novel ini di tulis kelima sahabat Risa menemani setiap hari. Kelebihan novel Danur ini yaitu menceritakan kepada pembaca bahwa hantu juga memiliki sisi kemanusiaan ketika ia masih hidup. Novel ini mengubah pemikiran manusia bahwa tidak selamanya hantu itu menakutkan,selagi kita tidak ada niat jahat kepada mereka. Selain itu, pemilihan kata yang terdapat dalam novel tersebut juga sangat mudah dimengerti. ovel ini menceritakan tentang seorang Risa yang bisa berinteraksi dengan makhluk tak kasat mata. Mereka adalah Peter, Hans, Hendrick, William dan Janhsen. awal pertemanannya saat Risa kelas 5 SD. Ia baru saja pindah dari desa ke Bandung. Risa yang memiliki kemampuan melihat hantu akhirnya berteman baik dengan ke 5 makhluk tersebut. Hingga persahabatan mereka menginjak 1 tahun lamanya. Mereka berlima membawa warna warni kehidupan kepada Risa, karena tidak hanya warna hitam dan putih saja yang Risa lihat. Mereka membawa kebahagian tersendiri bagi Risa yang memang selama ini merasa kesepian. Sudah beberapa tahun Risa dan kelima sahabatnya menjalin persahabatan. Dan saat itulah persahabatan Risa sedang diuji. Risa membuat janji terhadap Peter yaitu mengakhiri hidupnya agar bisa hidup selamanya bersama kelima sahabat hantunya. Risa berusaha menepati janjinya dengan melakukan percobaan bunuh diri. Tetapi usahanya selalu gagal. Risa pun menyesal karena telah melanggar janji tersebut. Akhirnya, Peter pun marah besar dan mengajak empat sahabat Risa pergi meninggalkan Risa dan merekapun tak pernah muncul lagi dihidup Risa selama belasan tahun. Tapi tak jarang Risa bertemu dengan sahabat – sahabat hantu lainnya seperti Samantha, Ardiah, Teddy, dan masih banyak lagi. Tak sedikit dari mereka meminta bantuan kepada Risa untuk menemukan keluarga ataupun kekasih yang mereka cari. Sesungguhnya Risa sangat rindu terhadap kelima sahabat kecil hantunya itu. Hingga Risa dewasa kelima sahabatnya itu tidak pernah menapakkan batang hidungnya lagi. Sampai saat itu tiba, ketika Risa sedang rekaman lagu untuk albumnya. Kelima sahabat Risa muncul dan memberikan Risa dukungan. Bahkan sampai novel ini di tulis kelima sahabat Risa menemani setiap hari. Kelebihan novel Danur ini yaitu menceritakan kepada pembaca bahwa hantu juga memiliki sisi kemanusiaan ketika ia masih hidup. Novel ini mengubah pemikiran manusia bahwa tidak selamanya hantu itu menakutkan,selagi kita tidak ada niat jahat kepada mereka. Selain itu, pemilihan kata yang terdapat dalam novel tersebut juga sangat mudah dimengerti. Novel ini menceritakan tentang seorang Risa yang bisa berinteraksi dengan makhluk tak kasat mata. Mereka adalah Peter, Hans, Hendrick, William dan Janhsen. awal pertemanannya saat Risa kelas 5 SD. Ia baru saja pindah dari desa ke Bandung. Risa yang memiliki kemampuan melihat hantu akhirnya berteman baik dengan ke 5 makhluk tersebut. Hingga persahabatan mereka menginjak 1 tahun lamanya. Mereka berlima membawa warna warni kehidupan kepada Risa, karena tidak hanya warna hitam dan putih saja yang Risa lihat. Mereka membawa kebahagian tersendiri bagi Risa yang memang selama ini merasa kesepian. Sudah beberapa tahun Risa dan kelima sahabatnya menjalin persahabatan. Dan saat itulah persahabatan Risa sedang diuji. Risa membuat janji terhadap Peter yaitu mengakhiri hidupnya agar bisa hidup selamanya bersama kelima sahabat hantunya. Risa berusaha menepati janjinya dengan melakukan percobaan bunuh diri. Tetapi usahanya selalu gagal. Risa pun menyesal karena telah melanggar janji tersebut. Akhirnya, Peter pun marah besar dan mengajak empat sahabat Risa pergi meninggalkan Risa dan merekapun tak pernah muncul lagi dihidup Risa selama belasan tahun. Tapi tak jarang Risa bertemu dengan sahabat – sahabat hantu lainnya seperti Samantha, Ardiah, Teddy, dan masih banyak lagi. Tak sedikit dari mereka meminta bantuan kepada Risa untuk menemukan keluarga ataupun kekasih yang mereka cari. Sesungguhnya Risa sangat rindu terhadap kelima sahabat kecil hantunya itu. Hingga Risa dewasa kelima sahabatnya itu tidak pernah menapakkan batang hidungnya lagi. Sampai saat itu tiba, ketika Risa sedang rekaman lagu untuk albumnya. Kelima sahabat Risa muncul dan memberikan Risa dukungan. Bahkan sampai novel ini di tulis kelima sahabat Risa menemani setiap hari. Kelebihan novel Danur ini yaitu menceritakan kepada pembaca bahwa hantu juga memiliki sisi kemanusiaan ketika ia masih hidup. Novel ini mengubah pemikiran manusia bahwa tidak selamanya hantu itu menakutkan,selagi kita tidak ada niat jahat kepada mereka. Selain itu, pemilihan kata yang terdapat dalam novel tersebut juga sangat mudah dimengerti. Sayangnya novel ini dicetak menggunakan kertas buram. Jadi kurang menarik saat kita ingin membacanya. Karena genre dari novel Danur adalah horor, mungkin tidak semua orang bisa menerima apa yang diceritakn dalam novel tersebut. 4aFiksi Indonesia a00064/PSMUH/Bos/2020 a00065/PSMUH/Bos/2020 a00066/PSMUH/Bos/2020 a00065/PSMUH/Bos/2020 a00067/PSMUH/Bos/2020 a00066/PSMUH/Bos/2020 a00065/PSMUH/Bos/2020 a00067/PSMUH/Bos/2020